000 00419nam a2200121Ia 4500
008 220216s9999 xx 000 0 und d
100 _aVarghese L
245 0 _aStudies on the use of polybutadiene rubber in microcellular sheets
260 _bProceedings of the Asia Rub Tech Expo, 23-25 November 2006, Indian Rubber Institute, Kochi. pp.90-91.
650 _aPolybutadiene rubber
700 _aThomas K T
942 _cJS
999 _c69744
_d69744